Score 0/50 Timer 10:00
0 Plays Today
# of Plays Game Name % Correct
21,821,896US States
77.9%
16,961,474Countries of the World
69.2%
14,929,973Countries of Europe
63.1%
9,102,807U.S. Presidents
61%
7,150,883Countries of Asia
55.4%
9,249,689Countries of Africa
53.5%
5,138,182Countries of South America
50.8%
4,780,147Countries of North America
49.3%
5,154,685U.S. Capitals
34.9%
3,066,191Countries of Oceania
28.7%
5,429,123NFL Teams
26.2%
3,542,249NBA Teams
21.9%
2,501,454MLB Teams
21.3%
6,895,2801-100
20.5%
3,921,798Periodic Table
15.9%
2,926,373Flags of the World
15.7%
4,472,281Harry Potter Top 200
12.9%
5,710,621Corporate Logos
12.4%
15,473,788Find the US States
11.9%
4,715,4953 Letter Body Parts
11.1%
4,548,400Typing Challenge
9.4%
5,974,733151 Original Pokémon
9%
2,861,344Pixar Movies
8.8%
3,051,934Corporate Logos II
8.2%
2,848,148Big 4 US Sports Teams
8%
# of Plays Game Name % Correct
5,537,955Harry Potter Bunker
8%
6,509,199Geography Bunker
7.6%
30,055,977Find the US States - No Outlines Minefield
7.1%
13,985,791Clickable 1-100 Mines
6.7%
3,403,886Commonest English Words
6.2%
3,614,658Drawing a Blank
5.6%
2,385,584Movie Posters
5.6%
2,565,770Car Logos
4.9%
4,383,4262014 World Cup Stars
4.8%
3,857,5351-50 in 60
4.3%
2,841,431Harry Potter Minefield
4.1%
3,080,851Commonly Misspelled Words
3.8%
6,191,634Country Trivia Logic Puzzle
3.8%
3,245,975US Cities: North to South
3.6%
2,646,541The Odd
3.6%
5,619,867Countries of the World (Redux)
3.5%
3,250,889Clickable Concentration
3%
2,436,967Clickable Matching Pairs
3%
2,397,941Harry Potter Name Chain
2.8%
3,053,396Marvel Cinematic Universe: Oldest to Newest
2.5%
2,508,487Clickable Countries by Continent
1.9%
3,851,546Find the US States Ultimate Minefield
1.8%
3,617,132Harry Potter Logic Puzzle
0.4%
3,817,124True or False Logic Quiz
0.4%
3,762,156Countries of the World - No Outlines Minefield
0.2%
Come Together.
Have Fun.
All Virtual.
We all need to come together. Play Sporcle's virtual live trivia to have fun, connect with people, and get your trivia on. Join a live hosted trivia game for your favorite pub trivia experience done virtually. If a virtual private party is more your thing, go here for details.

You're not logged in!

Compare scores with friends on all Sporcle quizzes.
OR
Log In

Sporcle TV

Today on Sporcle TV


Watch our educational content, quiz creation guides, and fun videos on Sporcle TV.

Show Comments

Extras

Top Quizzes Today


Score Distribution

Paid Content

Your Account Isn't Verified!

In order to create a playlist on Sporcle, you need to verify the email address you used during registration. Go to your Sporcle Settings to finish the process.

Report this User

Report this user for behavior that violates our Community Guidelines.

Details: